LEADER 02755nam 22004093u 450 001 9910480458403321 005 20210113182810.0 035 $a(CKB)2670000000619716 035 $a(EBL)2064052 035 $a(MiAaPQ)EBC2064052 035 $a(Au-PeEL)EBL2064052 035 $a(CaONFJC)MIL791807 035 $a(OCoLC)910816310 035 $a(EXLCZ)992670000000619716 100 $a20150608d2012|||| u|| | 101 0 $ager 135 $aur|n|---||||| 181 $ctxt$2rdacontent 182 $cc$2rdamedia 183 $acr$2rdacarrier 200 10$aEndloskurz$b[electronic resource] 210 $aNordhausen $cTraugott Bautz$d2012 215 $a1 online resource (84 p.) 300 $aDescription based upon print version of record. 327 $aCover; Titelei; Impressum; Kurz und Endlos; Zum Autor:; Inhalt; Vorort; Blut'ge Moderne; Bru?cke ""Literatur""; Drama; Tropfen voller Lyrik; Darstellung; U?ber mich; Langeweile; U?ber das Leben; Armut; Badewanneninhalt; Pornographie; Zer-Splittert; Himmelfahrt; Trips & Literatur; Abends; Geschwind; Politisches Gedicht; Performance; Ma?rchen vom Studenten; Das Meer und Ich; Duschen; Feindbild; Folgen; Im Namen der Herde; 3. Weltkrieg; Schwere; Trauerspiel; Vater; Gelehrte Dankbarkeit; Revolution; Barfuß; Am Ende des Regenbogen; Herz und Verstand; Pusteblume; Normal; Wenn Sie schlafen 327 $aEinsamer MorgenSchneewittchen; Regenschirmhaus; Im Netz; Vertrauen; Ich oder Du; In den Sternen; Waschmaschine; Dysfunktionieren; Das Beste; Gut oder Bo?s; Abza?hlnamen; U?berwort; Gedacht; Spiellabend; Nichts; Schimmel; Verschenken; bedingungslos; Seins; Ka?fer; Lukimaus [fu?r einen Sohn]; @Herzblatt.com; Romantisch verwertet; Honigfu?ße; Liebesbriefe; Verliebt; Vermalt; Sand; Anti - Helden; Ich und ich; Lebensla?nglich; Unwetter; Analogie; Heimwege; Geschichten; Danke 330 $aDas Schicksal jedes einzelnen, ist die eine Hand am Ende der vielen seidenen Fa?den, die uns Menschen in Bewegung bringen oder uns verfu?hren etwas zu tun und sei es nur einmal nichts dergleichen auszuu?ben. Jede noch so kleine, fu?r das Auge unmerkliche Bewegung, ein Hauch von etwas, hat seinen Sinn, in dem etwas geschieht. So sind die Wege durch Schritte geebnet, auf denen wir Menschen das Laufen lernen, die unza?hligen Kreuzungen mit den Gefu?hlen des Abschieds oder Zugewinns passieren, sta?ndig dem Abendrot des Tages entgegenlaufen, um irgendwann in dieser Endlichkeit eine Leidenschaft zu finden. 608 $aElectronic books. 676 $a300.721 700 $aPo?nicke$b Dan$01035435 801 0$bAU-PeEL 801 1$bAU-PeEL 801 2$bAU-PeEL 906 $aBOOK 912 $a9910480458403321 996 $aEndloskurz$92455148 997 $aUNINA LEADER 03747oas 2201309 a 450 001 9910147145503321 005 20260218112724.0 011 $a1557-3125 035 $a(DE-599)ZDB2097884-4 035 $a(OCoLC)51244236 035 $a(CONSER) 2003242148 035 $a(CKB)111041294030052 035 $a(DE-599)2097884-4 035 $a(EXLCZ)99111041294030052 100 $a20021218a20029999 sy a 101 0 $aeng 135 $aurmn||||||||| 181 $ctxt$2rdacontent 182 $cc$2rdamedia 183 $acr$2rdacarrier 200 10$aMolecular cancer research 210 $a[Philadelphia, Pa.] $cAmerican Association for Cancer Research$d©2002- 300 $aRefereed/Peer-reviewed 300 $aTitle from contents page (viewed September 10, 2003). 311 08$a1541-7786 517 1 $aMCR 531 0 $aMol. cancer res. 606 $aCells$xGrowth$vPeriodicals 606 $aCell differentiation$vPeriodicals 606 $aCancer cells$xGrowth$vPeriodicals 606 $aCell transformation$vPeriodicals 606 $aCancer$xMolecular aspects$vPeriodicals 606 $aCell Differentiation 606 $aMolecular Biology 606 $aNeoplasms 606 $aCell Transformation, Neoplastic 606 $aCellules$xCroissance$vPe?riodiques 606 $aCellules$xDiffe?renciation$vPe?riodiques 606 $aCellules cance?reuses$xCroissance$vPe?riodiques 606 $aCellules$xTransformation$vPe?riodiques 606 $aCancer$xAspect mole?culaire$vPe?riodiques 606 $aCellules$xDiffe?renciation 606 $aCancer cells$xGrowth$2fast$3(OCoLC)fst00845567 606 $aCancer$xMolecular aspects$2fast$3(OCoLC)fst00845397 606 $aCell differentiation$2fast$3(OCoLC)fst00850182 606 $aCell transformation$2fast$3(OCoLC)fst00850239 606 $aCells$xGrowth$2fast$3(OCoLC)fst00850262 608 $aPeriodical. 608 $aperiodicals.$2aat 608 $aPeriodicals.$2fast 608 $aPeriodicals.$2lcgft 608 $aPe?riodiques.$2rvmgf 615 0$aCells$xGrowth 615 0$aCell differentiation 615 0$aCancer cells$xGrowth 615 0$aCell transformation 615 0$aCancer$xMolecular aspects 615 2$aCell Differentiation. 615 2$aMolecular Biology. 615 2$aNeoplasms. 615 2$aCell Transformation, Neoplastic. 615 6$aCellules$xCroissance 615 6$aCellules$xDiffe?renciation 615 6$aCellules cance?reuses$xCroissance 615 6$aCellules$xTransformation 615 6$aCancer$xAspect mole?culaire 615 6$aCellules$xDiffe?renciation. 615 7$aCancer cells$xGrowth. 615 7$aCancer$xMolecular aspects. 615 7$aCell differentiation. 615 7$aCell transformation. 615 7$aCells$xGrowth. 676 $a611 712 02$aAmerican Association for Cancer Research 801 0$bIWA 801 1$bIWA 801 2$bSBH 801 2$bMYG 801 2$bOCLCQ 801 2$bNSD 801 2$bOCLCQ 801 2$bLGG 801 2$bCIT 801 2$bOCLCQ 801 2$bOCLCF 801 2$bDLC 801 2$bVT2 801 2$bEUW 801 2$bOCLCQ 801 2$bZ5A 801 2$bOCLCO 801 2$bOCLCA 801 2$bBUF 801 2$bAU@ 801 2$bOCLCO 801 2$bWYU 801 2$bU3W 801 2$bOCLCO 801 2$bLEAUB 801 2$bOCLCO 801 2$bOCLCA 801 2$bVNN 801 2$bOCLCQ 801 2$bSFB 801 2$bOCLCL 801 2$bVYT 801 2$bOCLCL 801 2$bOCLCQ 906 $aJOURNAL 912 $a9910147145503321 996 $aMolecular cancer research$9791997 997 $aUNINA